| 000 | 00408nam a2200109Ia 4500 | ||
|---|---|---|---|
| 008 | 160909s9999 xx 000 0 und d | ||
| 100 | _aMueller, Gavin C. | ||
| 245 | 4 | _aThe Pirate Mode of Production: Intellectual Property and Labor within Neoliberal Restructuring | |
| 260 |
_bGeorge Mason University. _c2016 |
||
| 650 | _aENTREPRENEURSHIP | ||
| 856 | _uhttp://pqdtopen.proquest.com/doc/1806122693.html?FMT=ABS | ||
| 999 |
_c304450 _d304450 |
||